000 00343nam a22001457a 4500
003 OSt
005 20160727222406.0
008 160624b xxu||||| |||| 00| 0 eng d
040 _cTEST
100 _9856
_aRobertson, K
245 _aDil Bert in Delhi
260 _aLONDON
_bTHRESHOLD BOOKS
_c1984
300 _aDil Bert in Delhi
942 _2ddc
_cBK
999 _c680
_d680